Panofsky and the foundations of Art History / (Record no. 81088)

MARC details
000 -LEADER
campo de control de longitud fija 00431nam a2200145 i 4500
001 - NÚMERO DE CONTROL
campo de control 81088
003 - IDENTIFICADOR DE NÚMERO DE CONTROL
campo de control ES-MaACL
007 - CAMPO FIJO DE DESCRIPCIÓN FÍSICA--INFORMACIÓN GENERAL
campo de control de longitud fija t|
008 - DATOS DE LONGITUD FIJA--INFORMACIÓN GENERAL
campo de control de longitud fija 041102s1984 xxu ||||1| eng d
100 1# - ENTRADA PRINCIPAL--NOMBRE DE PERSONA
Nombre de persona Holly. Michael Ann.
9 (RLIN) 64042
245 10 - MENCIÓN DEL TÍTULO
Título Panofsky and the foundations of Art History /
Mención de responsabilidad, etc. by Michael Ann Holly.
260 ## - PUBLICACIÓN, DISTRIBUCIÓN, ETC.
Lugar de publicación, distribución, etc. Ithaca :
Nombre del editor, distribuidor, etc. Cornell University Press,
Fecha de publicación, distribución, etc. [1984]
300 ## - DESCRIPCIÓN FÍSICA
Extensión 267 p. ;
Dimensiones 23 cm.
852 ## - LOCALIZACIÓN
Ubicación ES-MaACL
Número de control de estantería L-7626
Sublocalización o colección R.108120
Holdings
Estatus retirado Estado de pérdida Estado de daño No para préstamo Biblioteca de origen Biblioteca actual Ubicación en estantería Fecha de adquisición Fuente de adquisición Total de préstamos Signatura topográfica completa Código de barras Visto por última vez Precio de reemplazo Tipo de ítem Koha
        Biblioteca del Ateneo de Madrid Biblioteca del Ateneo de Madrid Depósito 2 17/01/2008     L-7626 1084766 23/02/2023 23/02/2023 Libro impreso